It looks like you're offline.
Open Library logo
additional options menu

MARC record from Internet Archive

LEADER: 00876cam 2200277 a 4500
001 2213331
008 860627s1909 iluaf j 000 1 eng d
005 20071116114900.0
035 $a(NIC)notisALF8206
035 $a(OCoLC)13787581
035 $a2213331
040 $aAZS$cAZS
090 $aPS3503.A923$bR63 1909 no.2
100 1 $aBaum, L. Frank$q(Lyman Frank),$d1856-1919.
245 14 $aThe road to Oz /$cby L. Frank Baum ; illustrated by John R. Neill.
260 $aChicago :$bThe Reilly & Lee,$cc1909.
300 $a261 p. [1] leaf of plates :$billus.$c24 cm.
500 $aIllustrated half-title page.
700 1 $aNeill, John R.$q(John Rea)
903 $aKirtas$d20071116$p31924026422372
905 $a19960326120000.0
948 $aoclc;
950 $lURIS$buris$i01/01/01 N$x3960
955 $lURIS$c1$si01,r34$u001
988 $aOCLC batch
995 $aHivolm$d20070208